00860nam a22002177a 4500003000400000020001800004082001600022245007500038260004100113300001000154546001200164650005700176650008100233650006500314650006500379700002400444700002100468942001200489999001900501952012200520OSt a9789843431394 a630bFAT/BE aBest practices of integrated plant nutrition system in SAARC countries aDhakabSAARC agiculture centrec2017 a172p. aEnglish aIntegrated plant nutrition system in SAARC countries aBest practices of integrated integrated plant nutrition system in Bangladesh aBest practices of integrated plant nutrition system in India aBest practices of integrated plant nutrition system in Nepal aFatema Nasrin Jahan aTayan Raj Gurung 2ddccBK c163525d163525 00102ddc40708GenaKAUCLVbKAUCLVcGENERALd2019-01-25l0o630 FAT/BEp810425r2019-01-25 00:00:00w2019-01-25yBK